000 00350nam a2200145Ia 4500
008 100122s9999 xx 000 0 und d
082 _b66168
_a513
100 _aSHEVRIN L. N.
245 _aLETS PLAY GEOMETRY
260 _bMIR PUBLISHERS
_c1985
300 _a131
630 _aLETS PLAY GEOMETRY
730 _aLETS PLAY GEOMETRY
942 _cBOOK
999 _c380352
_d380349